000 00597nam a2200181Ia 4500
008 100921s9999 xx 000 0 und d
082 _b10171
_a891.468 थ 74
100 _aभावे पुरूषोत्तम भास्कर.
245 _aस्मरणी.
260 _bविश्वमोहिनी प्रकाशन,पुणे.
_c1974
300 _a146
_b---
365 _b10
520 _aललित-संकीर्ण.
630 _aस्मरणी.
650 _aललित-संकीर्ण.
730 _aस्मरणी.
942 _cBOOK
999 _c759284
_d759281